000 00381nam a2200145Ia 4500
008 240830s1901 xx 000 0 und d
041 _aeng
082 _a0 GUN
100 _aGUNE GANGADHAR SHASTRI
245 _aAYURVEDIYA AUSHDHIDHARM SHASTRA PART - 5
260 _bDR.GUNE J.G.APHALI , AHMEDNAGAR
_c1901
650 _aRASA-SHASTRA
906 _aN.D.
999 _c1190330
_d1190330